| 000 | 01479nam a2200289 a 4500 | ||
|---|---|---|---|
| 001 | BRCA_2406 | ||
| 005 | 20190320203808.0 | ||
| 008 | 121108s1719----be-a---###---#000-0#spa-u | ||
| 041 | _aspa | ||
| 044 | _abe | ||
| 084 |
_a047 _b.V474 _c1719 |
||
| 100 | 1 |
_aCervantes Saavedra, Miguel de _d1547-1616 _9213 |
|
| 245 | 1 | 0 |
_aVida y hechos del Ingenioso Hidalgo Don Quixote de la Mancha _ccompuesto por Miguel de Cervantes Saavedra. |
| 260 |
_aAmberes (Bélgica) _bHenrico y Cornelio Verdussen _c1719 |
||
| 300 |
_a2 v. _bil. _c17 cm. |
||
| 500 | _aContenido : v 1. Prólogo del autor. Versos preliminares. Aprovación para la edición de Valencia y suma del Privilegio. Texto. -- v 2. Prólogo del autor. Aprovaciones. Licencia y privilegio de la edición príncipe. Texto | ||
| 500 | _aEdición : Nueva edición corregida y ilustrada con 32 diferentes estampas muy donosas y apropiadas a la materia | ||
| 500 | _aCopia de las ediciones de 1697 y 1719, respectivamente, de los mismos editores con iguales láminas. Lomo encuadernado en piel con adornos y letras dorados. Ejemplar bien conservado Lúdovik Osterc | ||
| 500 | _aQMR 112 | ||
| 650 | 1 | 4 |
_aNovela española _yÉpoca clásica, 1500-1700 _9215 |
| 650 | 1 | 4 |
_aLiteratura española _yÉpoca clásica, 1500-1700 _9216 |
| 650 | 1 | 4 |
_aNovela española _ySiglo XVII _9217 |
| 650 | 1 | 4 |
_aDon Quijote (Personaje ficticio) _eNovela _9218 |
| 740 | 0 | _aEl Ingenioso Hidalgo Don Quijote de la Mancha | |
| 902 | _aQFM | ||
| 942 |
_2lcc _cB |
||
| 999 |
_c2147 _d2147 |
||